Biology laboratory manual for class XI / (Record no. 7675)

MARC details
000 -LEADER
fixed length control field 00558 a2200181 4500
010 ## - LCCN (DPL NO)
LC control number ENG-88125
020 ## - INTERNATIONAL STANDARD BOOK NUMBER
International Standard Book Number 8125920056
Terms of availability 125.00
035 ## - SYSTEM CONTROL NUMBER
System control number EN-71658
037 ## - SOURCE OF ACQUISITION
Source of stock number/acquisition DBAD / PUB
082 14 - DEWEY DECIMAL CLASSIFICATION NUMBER
Classification number 574.078
100 1# - MAIN ENTRY--PERSONAL NAME
Personal name (Agarwal) Aggarwal, Sarita
245 1# - TITLE STATEMENT
Title Biology laboratory manual for class XI /
Statement of responsibility, etc by Sarita Aggarwal
250 ## - EDITION STATEMENT
Edition statement rev. ed
260 ## - PUBLICATION, DISTRIBUTION, ETC. (IMPRINT)
Place of publication, distribution, etc New Delhi
Name of publisher, distributor, etc Madhuban Educational Books
Date of publication, distribution, etc 2006
270 ## - ADDRESS
Address 576, Masjid Road, Jangpura
City New Delhi
Postal code 110 014
300 ## - PHYSICAL DESCRIPTION
Extent 248 p.
Dimensions 24 cm (Pbk)
942 ## - ADDED ENTRY ELEMENTS (KOHA)
Institution code [OBSOLETE] dpl
Item type English Books
Source of classification or shelving scheme Dewey Decimal Classification
Classification part 574.078
Call number suffix AGG
Holdings
Withdrawn status Lost status Not for loan Collection code Home library Current library Source of acquisition Cost, normal purchase price Full call number Barcode Copy number Cost, replacement price Koha item type
    Not For Loan Non-fiction D.B.Act.Division D.B.Act.Division DBAD/PUB 125.00 574.078 AGG EN-71658 1 125.00 English Books

© Delhi Public Library
Hit Counter
free hit counter